00743nam a2200241 a 4500001001300000003000900013005001700022008004100039020002500080082001600105100002000121245004500141260004900186300000900235500003500244505004200279650001600321700002000337902000800357942000700365952011400372999001500486nice12345678IN_TiNIC20260116012227.0050524s1978 mica grp 000 0 eng  a031091X c54.3500a220.12bHAR aHarris, R Laird aInspiration and Canonicity of the Bible. aMichigan bZondervan Publishing House c1978 a315p aincludes index and biblioraphy2 acontemporary evangelical perspectives aBible-Canon1 aHarris, R Laird bSRS cBK 001040708StackRoom-aHMIbHMId2007-06-15g54.35l0o220.12 HARp09117r2007-06-15v54.35w2005-05-24yBK c6164d6164